The Anthropology of development and globalization: from classical political economy to contemporary neoliberalism /
Wedi'i Gadw mewn:
| Prif Awdur: | |
|---|---|
| Awduron Eraill: | |
| Fformat: | Texto |
| Cyhoeddwyd: |
Oxford:
Blackwell Publishing
|
| Pynciau: | |
| Tagiau: |
Ychwanegu Tag
Dim Tagiau, Byddwch y cyntaf i dagio'r cofnod hwn!
|
MARC
| LEADER | 00000 a a2200000 04500 | ||
|---|---|---|---|
| 001 | 33373 | ||
| 003 | |||
| 040 | |||
| 090 | |a 0004 E217a | ||
| 100 | |a Edelman, Marc | ||
| 245 | |a The Anthropology of development and globalization: from classical political economy to contemporary neoliberalism / |c Marc Edelman | ||
| 260 | |a Oxford: |b Blackwell Publishing | ||
| 300 | |a 406 p. | ||
| 650 | |a BANCO MUNDIAL | ||
| 650 | |a MOVIMIENTOS SOCIALES | ||
| 650 | |a POBREZA | ||
| 650 | |a GLOBALIZACION | ||
| 650 | |a GUERRA | ||
| 650 | |a ANTROPOLOGIA | ||
| 650 | |a TIBET | ||
| 700 | |a ed |a Haugerud, Angelique |a ed | ||
| 999 | |c 10987 |d 10987 | ||
